000 00588nam a22002057a 4500
003 BUBTL
008 220411b ||||| |||| 00| 0 eng d
020 _a9843218860
082 _a346/ H211l/ 2016
100 _92101
_aHaque, Muhammad Ekramul
245 _aLaw of Contract /
_cMuhammad Ekramul Haque
250 _a3rd Edn.
260 _aDhaka:
_bLaw Lyceum,
_cc2016
300 _axxiv, 730 p.:
_c22 cm.
505 _aMuhammad Ekramul Haque, Law of Contract
650 0 _926
_aLaw
856 _k0
_l0
_yDownload
942 _2ddc
_cBK
999 _c6681
_d6681